Central Library and Information Centre
Sibsagar Girls' College, Sivasagar : Assam

THE USE OF ENGLISH (Record no. 5856)

MARC details
000 -LEADER
fixed length control field 00370cam a2200157ua 4500
008 - FIXED-LENGTH DATA ELEMENTS--GENERAL INFORMATION
fixed length control field 120806n1995 II |||gr||||Z||||||eng
040 ## - CATALOGING SOURCE
Original cataloging agency MAIN
041 ## - LANGUAGE CODE
-- English
082 ## - DEWEY DECIMAL CLASSIFICATION NUMBER
Classification number 418
245 ## - TITLE STATEMENT
Title THE USE OF ENGLISH
260 ## - PUBLICATION, DISTRIBUTION, ETC.
Place of publication, distribution, etc. HYDERABAD
Name of publisher, distributor, etc. ORIENT LONGMAN
Date of publication, distribution, etc. 1995
300 ## - PHYSICAL DESCRIPTION
Extent 370:
Dimensions 22CM.
942 ## - ADDED ENTRY ELEMENTS (KOHA)
Koha item type Books
653 ## - INDEX TERM--UNCONTROLLED
Uncontrolled term Standard usage & applied linguistics
Holdings
Withdrawn status Lost status Damaged status Not for loan Collection code Home library Current library Shelving location Date acquired Full call number Barcode Date last seen Copy number Price effective from Koha item type
        REFENG Central Library and Information Centre Sibsagar Girls College Central Library and Information Centre Sibsagar Girls College Location Not Found 05.02.1997 418 14011 27.02.2020 1 27.02.2020 Books


Sibsagar Girl's College © 2020. All rights reserved.
Powered by Koha.
Maintained by Abhijit Borpuzari.